Responses for Show #2186 - Monday, February 21, 1994

1994 Teen Tournament semifinal game 1.

Contestants

[<< previous game]

Jeremy Manta, a junior from Boca Raton, Florida

Dorothy Thompson, a senior from Manchester, Connecticut

Peter Steffen, a senior from New Hampton, Iowa

[next game >>]

Jeopardy! Round responses

NEWS OF THE '90s
POP MUSIC
GUINNESS RECORDS
SPEAK OF THE DICKENS
ARCHITECTURE
HOMOPHONES
    $100 1
Boris Yeltsin

Peter
    $100 3
Janet Jackson

Jeremy
    $100 9
a potato chip

Peter
    $100 21
Oliver Twist

Jeremy
    $100 26
moats

Dorothy
    $100 16
a pair/pear

Jeremy
    $200 2
broccoli

Jeremy
    $200 4
Australia

Dorothy
    $200 12
a diary

Peter
    $200 22
(Alex: God bless us, every [*].)

one

Dorothy
    $200 27
stairs (staircases)

Dorothy
    $200 17
ring/wring

Dorothy
    $300 5
the Earth Summit

Jeremy
    $300 6
Pearl Jam

Jeremy
    $300 13
a zipper

Jeremy
    $300 23
A Tale of Two Cities

Dorothy
    $300 28
[NOTE: This was the 400,000th clue entered into the J! Archive, on 2020-07-22.]

the Taj Mahal

Jeremy
    $300 18
urn/earn

Jeremy
    $400 10
Kuwait

Dorothy
    $400 7
En Vogue

Jeremy
    $400 14
a crossword puzzle

Dorothy
    $400 24
the Pickwick Papers

Jeremy
    $400 29
(Dorothy: Who is Salisbury?)

Christopher Wren

PeterDorothy
    $400 19
marquis/marquee

Dorothy
    $500 11
Ann Richards

Peter
    $500 8
Aerosmith

Dorothy
    $500 15
the vice president

Peter
    $500 25
(Jeremy: Who is Nicholas Nickleby?)

David Copperfield

Jeremy
    $500 30
I.M. Pei

Peter
    $500 20
(Dorothy: What is wayward?)

course/coarse

Dorothy
Triple Stumper

Scores at the first commercial break (after clue 15):

Peter Dorothy Jeremy
$1,400 $1,500 $1,600

Scores at the end of the Jeopardy! Round:

Peter Dorothy Jeremy
$2,300 $2,000 $2,300

Double Jeopardy! Round responses

CHEMISTRY
BUSINESS & INDUSTRY
POLITICIANS
MYTHOLOGY
TRAVEL & TOURISM
PULITZER PRIZE PLAYWRIGHTS
    $200 26
a calorie

Jeremy
    $200 21
Ford

Dorothy
    $200 6
Bill Clinton

Jeremy
    $200 1
Helen

Dorothy
    $200 16
the Seine

Peter
    $200 11
Neil Simon

Peter
    $400 27
krypton

Jeremy
    $400 25
Hallmark

Peter
    $400 12
Cuomo

Dorothy
    $400 2
Hercules

Dorothy
    $400 17
Chicago

Jeremy
    $400 10
Anne Frank

Dorothy
    $600 28
distillation

Dorothy
    $600 24
Nickelodeon

Dorothy
    $600 13
Lyndon Johnson

Dorothy
    $600 3
ambrosia

Dorothy
    $600 18
Rockefeller Center

Jeremy
    $600 7
Our Town

Jeremy
    $3,000 29
(Dorothy: [Sighs and ponders] What is oxygen?)

carbon

Dorothy
    $800 23
Reader's Digest

Dorothy
    $800 14
Washington

Peter
    $800 4
fire

Dorothy
    $800 19
(Jeremy: What is Guam?)

Puerto Rico

PeterJeremy
    $800 8
Tennessee Williams

Jeremy
    $1000 30
reduction

Jeremy
    $1000 22
(Dorothy: What is Kenner?)

Hasbro

DorothyJeremy
    $2,000 15
Illinois

Peter
    $1000 5
(Jeremy: Who are the Fates?)

the Muses

PeterJeremy
    $1000 20
Franklin Roosevelt

Peter
    $1000 9
(1 of) Arthur Miller (Jason Miller)

Jeremy

Scores at the end of the Double Jeopardy! Round:

Peter Dorothy Jeremy
$8,700 $3,600 $6,700

[wagering suggestions for these scores]

Final Jeopardy! Round responses

U.S. LANDMARKS
(Alex: Who is Ann Carry?)
(Dorothy: Ann is my best friend and she's always on the phone.)
[Laughter]
DorothyWhat is Ann Carry's Foo house
$0
JeremyWhat is the White House???
$6,666
PeterWhat is the Capitol?
$4,701
the Pentagon

Final scores:

Peter Dorothy Jeremy
$3,999 $3,600 $34
Finalist 2nd place: $5,000 3rd place: $5,000

Game dynamics:

Coryat scores:

Peter Dorothy Jeremy
$7,700 $6,600 $7,200
15 R
(including 1 DD),
0 W
21 R,
4 W
(including 1 DD)
21 R,
3 W
(including 1 DD)

Combined Coryat: $21,500

[game clues] [game scores] [suggest correction]

Game tape date: 1994-01-04
The J! Archive is created by fans, for fans. Scraping, republication, monetization, and malicious use prohibited; this site may use cookies and collect identifying information. See terms. The Jeopardy! game show and all elements thereof, including but not limited to copyright and trademark thereto, are the property of Jeopardy Productions, Inc. and are protected under law. This website is not affiliated with, sponsored by, or operated by Jeopardy Productions, Inc. Join the discussion at JBoard.tv.